000
00316nam a2200121Ia 4500
100
_a
Gandhi Malli
245
0
_a
Tribes under stigma: Problem of Identity
264
_b
Serials Publications
_c
2009
300
_a
344
700
_a
Lalitha V.
942
_c
IR
999
_c
120773
_d
120773